000
00322nam a2200121Ia 4500
999
_c
2930
_d
2930
008
200302s9999 xx 000 0 und d
100
_a
Lisa Lwamoto
245
_a
Digital fabrications: Architectural and material techniques
260
_b
Princeton Architectural Press
260
_c
2009
300
_a
143 P.,
942
_2
ddc